000 00428nam a22001697a 4500
999 _c523788
_d523788
003 NUST
038 _awaseem
082 _a491.436
_bNAJ
100 _aNajam ul Ghani
_914561
245 _aBhar-Ul-Fashaat /
_cNajam ul Ghani
260 _aLahore :
_bSaddat Art,
_c2004.
300 _a424 p. ;
500 _aHardcover.
880 _6100-02\r
_aنجم الغنی
880 _6245-02\r
_aبحرالفصاحت /
942 _2ddc
_cBK